000 00546nam a2200181Ia 4500
003 OSt
005 20200918101729.0
008 190216s9999||||xx |||||||||||||| ||und||
020 _a9788131505953
040 _coclc
082 _a531.11
_bTHO/C
100 _aThornton, Stephen T
_94336
245 0 _aClassical Dynamics Of Particles And Systems /
_cStephen T Thornton ; J B Marion
260 _bBrooks/Cole,
_aNew Delhi:
_c2004.
300 _a573p
650 _aPhysics
942 _cBK
_2ddc
_h531.11
_iTHO/C
_k531.11
_mTHO/C
999 _c34217
_d34217